000 00656nam a2200205 a 4500
005 20240925063813.0
008 090217s2006 mx r 000 0 spa d
020 _a9582008806
035 _aUPN01000169407
049 _aCG
050 4 _aQA11
_bF3.2
100 1 _aFandiño Pinilla, Martha Isabel
_934161
245 1 0 _aCurrículo, evaluación y formación docente en matemática /
_cMartha Isabel Fandiño Pinilla.
260 _aBogotá :
_bMagisterio,
_c2006.
300 _a186 p.
440 0 _aDidácticas
650 4 _aMatemáticas
_xEstudio y enseñanza
_93601
650 4 _aMAESTROS DE MATEMATICAS EN SERVICIO, FORMACION DE
_9870
905 _aLibro
999 _c141513
_d141513